My Video Chart for Seniors (Record no. 6855)

MARC details
005 - DATE AND TIME OF LATEST TRANSACTION
control field 20260317130954.0
020 ## - INTERNATIONAL STANDARD BOOK NUMBER
International Standard Book Number 9780137381258
100 ## - MAIN ENTRY--PERSONAL NAME
Author name MILLER,M
245 ## - TITLE STATEMENT
Title My Video Chart for Seniors
260 ## - PUBLICATION, DISTRIBUTION, ETC.
Place of publication, distribution, etc. New york
Name of publisher, distributor, etc. Pearson education
Date of publication, distribution, etc. 2021
300 ## - PHYSICAL DESCRIPTION
Extent xvii,287p;ill;picture
Other physical details Index
Dimensions 23cm
942 ## - ADDED ENTRY ELEMENTS (KOHA)
Source of classification or shelving scheme Dewey Decimal Classification
Koha item type Books
Holdings
Date last seen Total checkouts Full call number Barcode Date last checked out Cost, replacement price Price effective from Koha item type Lost status Source of classification or shelving scheme Damaged status Not for loan Withdrawn status Home library Current library Shelving location Date acquired Source of acquisition Cost, normal purchase price
04/14/2026 1 001 MIL MBY0001164 04/14/2026 57600.00 03/17/2026 Books   Dewey Decimal Classification       CBE MBEYA CBE MBEYA General Collection 02/23/2026 Danation 57600.00